ბათუმის შოთა რუსთაველის სახელმწიფო უნივერსიტეტის ბიბლიოთეკა

Сборник упражнений по грамматике русского языка. (ბიბ.ჩანაწერი № 35095)

000 -LEADER
fixed length control field 00789nam a2200241Ia 4500
001 - CONTROL NUMBER
control field 936
003 - CONTROL NUMBER IDENTIFIER
control field GE_BSU
008 - FIXED-LENGTH DATA ELEMENTS--GENERAL INFORMATION
fixed length control field 181216s||||||||xx |||||||||||||| ||und||
040 ## - CATALOGING SOURCE
Transcribing agency GE_BSU
080 ## - UNIVERSAL DECIMAL CLASSIFICATION NUMBER
Universal Decimal Classification number 811.161.1
100 ## - MAIN ENTRY--PERSONAL NAME
Personal name Зарубина,Н.Д; Ожегова,Н.С;
245 ## - TITLE STATEMENT
Title Сборник упражнений по грамматике русского языка.
245 ## - TITLE STATEMENT
Remainder of title Учебное пособие для студ.-иностеранцев
250 ## - EDITION STATEMENT
Edition statement Изд.2-е,испр
260 ## - PUBLICATION, DISTRIBUTION, ETC.
Place of publication, distribution, etc. Москва
260 ## - PUBLICATION, DISTRIBUTION, ETC.
Name of publisher, distributor, etc. ,,Русский язык,
260 ## - PUBLICATION, DISTRIBUTION, ETC.
Date of publication, distribution, etc. 1980
300 ## - PHYSICAL DESCRIPTION
Extent 144 с.
653 ## - INDEX TERM--UNCONTROLLED
Uncontrolled term Русский язык
653 ## - INDEX TERM--UNCONTROLLED
Uncontrolled term Сборник упражнени по грамматике русского языка
942 ## - ADDED ENTRY ELEMENTS (KOHA)
Koha item type წიგნი
ეგზემპლარები
Withdrawn status Lost status Damaged status Not for loan Date acquired Barcode Date last seen Price effective from Koha item type
        2018-12-17 1666 2018-12-17 2018-12-17 წიგნი